villes jumelées a toulouse - Statistiques

Statistiques générales
  • Ce quiz a été pris 6 fois
  • Le résultat moyen est 3 sur 6
Statistiques - réponses
Pays Année Ville % Correct
Israel 1962 Tel aviv
100%
Ukraine 1975 Kiev
83%
États unis 1975 Atlanta
50%
Italie 1981 Bologne
33%
Chine 1981 Chongqing
17%
Espagne 1981 Elche
17%
Aucun quiz correspondant
Distribution des résultats
% des personnes avec chaque résultat
Percentile par nombre de réponses
Votre historique - résultats
Vous n’avez pas pris ce quiz